| 000 | 00529cam a22001697a 4500 | ||
|---|---|---|---|
| 008 | 180718b2001 xxu||||| |||| 00| 0 eng d | ||
| 020 | _a8186912061 | ||
| 082 | _aF5x54211 T31 | ||
| 100 | _aTewari, Indu | ||
| 245 |
_aUnity for identity: struggle for Uttarakhand state _cby Indu Tewari |
||
| 260 |
_aNew Delhi _bK.K. _c2001 |
||
| 300 | _a158p. | ||
| 650 | _aUttranchal - Politics and government | ||
| 650 | _aUttrakhand movement | ||
| 650 | _aRegionalism - Uttranchal - India | ||
| 650 | _aSocial movements - Uttranchal - India | ||
| 999 |
_c396968 _d396968 |
||